000 00420nam a2200169Ia 4500
005 20250923144238.0
008 008 250917s9999 xx 000 0 eng d
037 _aTextual
040 _aDSWL
_beng
_cDSWL
041 _aeng
_2eng
084 _aV2:1:N4, H6
_qDSWL
245 0 _aIndian studies
260 _aDelhi
_c1946
300 _a177 p.
942 _cTEXL
_hV2:1:N4, H6
999 _c1436535
_d1436535